FC Barcelona players (2010-2020) - Statistics

General Stats
  • This quiz has been taken 96 times
  • The average score is 63 of 197
Answer Stats
Rank Player Positions Nationality Matches Goals (assists) Period % Correct
1 Lionel Messi RW 341 356 (163) 2010-2020
100%
12 Xavi CM 153 23 (33) 2010-2015
100%
4 Andrés Iniesta CM 232 18 (46) 2010-2018
99%
3 Gerard Piqué CB 289 26 (7) 2010-2020
99%
37 Denis Suárez AM 46 3 (6) 2016-2019
97%
38 Denis Suárez AM 36 7 (11) 2013-2014
97%
75 José Aurelio Suárez GK 17 0 (0) 2014-2015
97%
8 Luis Suárez ST 191 144 (78) 2014-2020
97%
5 Jordi Alba LB 224 10 (48) 2012-2020
96%
2 Sergio Busquets DM 322 8 (24) 2010-2020
96%
64 Uri Busquets DM 22 0 (1) 2017-2018
96%
9 Dani Alves RB 184 6 (46) 2010-2016
94%
7 Ivan Rakitic CM 200 24 (29) 2014-2020
94%
13 Marc-André ter Stegen GK 151 0 (2) 2015-2020
92%
26 Carles Puyol CB 61 6 (0) 2010-2014
90%
15 Neymar AM 123 68 (49) 2013-2017
90%
14 Víctor Valdés GK 124 0 (0) 2010-2014
90%
18 Alexis Sánchez ST 88 38 (29) 2011-2014
88%
6 Javier Mascherano DM 203 1 (3) 2010-2018
88%
22 Claudio Bravo GK 70 0 (0) 2014-2017
87%
20 David Villa ST 77 33 (19) 2010-2013
87%
11 Pedro RW 162 46 (40) 2010-2015
87%
23 Arturo Vidal CM 66 11 (9) 2018-2020
86%
47 Aleix Vidal RW 30 3 (4) 2015-2018
84%
21 Samuel Umtiti CB 77 2 (1) 2016-2020
84%
4 Ilie Sánchez DM 92 1 (4) 2010-2014
82%
32 Philippe Coutinho AM 52 12 (8) 2017-2019
81%
34 Ousmane Dembélé RW 51 12 (10) 2017-2020
78%
31 Éric Abidal LB 53 0 (2) 2010-2013
77%
48 Frenkie de Jong CM 29 2 (2) 2019-2020
77%
41 Arda Turan LW 36 5 (6) 2015-2017
74%
17 Cesc Fàbregas CM 96 28 (36) 2011-2014
74%
33 Clément Lenglet CB 51 3 (1) 2018-2020
74%
10 Sergi Roberto CM 184 2 (28) 2010-2020
74%
8 Sergi Roberto CM 77 7 (3) 2010-2013
74%
19 Nélson Semedo RB 82 2 (7) 2017-2020
73%
27 Seydou Keita CM 61 6 (4) 2010-2012
73%
42 Antoine Griezmann CF 35 9 (4) 2019-2020
68%
39 Alex Song DM 39 1 (0) 2012-2014
66%
44 Thomas Vermaelen CB 34 1 (1) 2014-2016, 2017-2019
66%
16 Adriano LB 114 9 (12) 2010-2016
61%
36 André Gomes CM 46 3 (2) 2016-2018
61%
43 Paulinho CM 34 9 (3) 2017-2018
60%
46 Maxwell LB 32 0 (2) 2010-2012
58%
98 Agostinho Cá DM 4 0 (0) 2012-2013
57%
50 Lucas Digne LB 29 0 (2) 2016-2018
55%
30 Rafinha AM 56 8 (3) 2014-2017, 2018-2020
55%
7 Rafinha AM 84 19 (15) 2010-2013
55%
67 Ronald Araujo CB 6 0 (0) 2019-2020
55%
110 Samu Araújo LB 1 0 (0) 2017-2018
55%
44 Sergio Araujo ST 34 7 (4) 2012-2013
55%
25 Jérémy Mathieu LB 62 3 (2) 2014-2017
53%
24 Thiago Alcántara CM 66 6 (9) 2010-2013
53%
82 Thiago Alcántara CM 11 0 (0) 2010-2011
53%
68 Jasper Cillessen GK 5 0 (0) 2016-2019
52%
52 Ansu Fati LW 24 7 (1) 2019-2020
49%
55 Junior Firpo LB 17 1 (2) 2019-2020
49%
29 Marc Bartra CB 58 5 (5) 2010-2016
48%
24 Marc Bartra CB 51 2 (0) 2010-2012
48%
45 Munir El Haddadi RW 33 5 (4) 2014-2017, 2018-2019
48%
52 Munir El Haddadi RW 28 8 (4) 2013-2015
48%
69 Yerry Mina CB 5 0 (1) 2017-2018
48%
63 Martin Braithwaite ST 11 1 (0) 2019-2020
47%
40 Paco Alcácer ST 37 10 (7) 2016-2018
47%
35 Arthur Melo DM 48 3 (4) 2018-2020
44%
51 Bojan Krkic CF 27 6 (2) 2010-2011
44%
49 José Manuel Pinto GK 29 0 (0) 2010-2014
44%
38 Martín Montoya RB 45 1 (5) 2010-2015
42%
25 Martín Montoya RB 51 0 (4) 2010-2012
42%
78 Neto GK 2 0 (0) 2019-2020
39%
62 Jonathan dos Santos DM 11 0 (0) 2010-2014
38%
16 Jonathan dos Santos DM 62 5 (3) 2010-2012
38%
28 Cristian Tello LW 59 11 (8) 2011-2014
36%
30 Cristian Tello LW 39 9 (4) 2010-2012
36%
54 Ibrahim Afellay AM 21 1 (0) 2010-2012, 2013-2014
35%
58 Malcom AM 15 1 (2) 2018-2019
35%
74 Kevin-Prince Boateng AM 3 0 (0) 2018-2019
34%
60 Gerard Deulofeu ST 12 1 (1) 2011-2013, 2017-2018
32%
13 Gerard Deulofeu ST 68 27 (13) 2010-2013
32%
81 Adama Traoré RW 1 0 (0) 2013-2014
31%
14 Adama Traoré RW 63 8 (16) 2013-2015
31%
64 Gabriel Milito CB 10 0 (0) 2010-2011
30%
57 Isaac Cuenca LW 16 2 (5) 2011-2012
27%
91 Isaac Cuenca LW 6 2 (1) 2011-2012
27%
76 Jeison Murillo CB 2 0 (0) 2018-2019
27%
62 Jorge Cuenca CB 23 0 (0) 2017-2018
27%
59 Riqui Puig CM 13 0 (2) 2018-2020
27%
100 Riqui Puig CM 3 0 (0) 2017-2018
27%
72 Douglas RB 3 0 (0) 2014-2016
25%
70 Jean-Clair Todibo CB 4 0 (0) 2018-2020
25%
6 Sergi Gómez CB 87 2 (1) 2010-2014
25%
104 Sergio Gómez LW 2 0 (0) 2017-2018
25%
65 Jeffrén RW 8 1 (1) 2010-2011
22%
63 José Antonio Martínez CB 22 0 (0) 2017-2018
21%
56 Sandro Ramírez ST 17 2 (1) 2014-2016
21%
18 Sandro Ramírez ST 61 15 (4) 2013-2015
21%
87 Sergi Samper DM 1 0 (0) 2015-2016
21%
11 Sergi Samper DM 74 0 (6) 2013-2015
21%
61 Carles Pérez RW 11 1 (3) 2018-2020
19%
53 Carles Pérez RW 27 3 (2) 2017-2018
19%
86 Oriol Romeu DM 1 0 (0) 2010-2011
19%
74 Oriol Romeu DM 18 1 (0) 2010-2011
19%
53 Carles Aleñá CM 24 2 (0) 2016-2017, 2018-2020
18%
32 Carles Aleñá CM 38 11 (4) 2017-2018
18%
83 Jordi Masip GK 1 0 (0) 2014-2015
18%
9 Jordi Masip GK 76 0 (1) 2010-2014
18%
37 Marc Cucurella LB 37 1 (4) 2017-2018
18%
71 Moussa Wagué RB 4 0 (0) 2018-2020
18%
10 Alejandro Grimaldo LB 75 4 (9) 2011-2015
17%
49 Alen Halilovic AM 29 4 (1) 2014-2015
16%
80 Abel Ruiz ST 1 0 (0) 2018-2019
14%
55 Abel Ruiz ST 26 3 (0) 2017-2018
14%
82 Jean Marie Dongou ST 1 0 (0) 2013-2014
14%
2 Jean Marie Dongou ST 113 26 (8) 2011-2015
14%
66 Andreu Fontàs CB 7 0 (1) 2010-2012
13%
57 Andreu Fontàs CB 25 1 (0) 2010-2011
13%
96 Alejandro Marqués ST 5 0 (0) 2017-2018
12%
73 Gerard Gumbau DM 3 0 (0) 2015-2016
12%
36 Gerard Gumbau DM 37 3 (1) 2014-2015
12%
85 Marc Muniesa CB 1 0 (0) 2011-2012
12%
19 Marc Muniesa CB 60 3 (0) 2010-2013
12%
79 Nolito LW 2 0 (0) 2010-2011
9%
34 Nolito LW 38 13 (0) 2010-2011
9%
84 José Manuel Arnáiz LW 1 0 (0) 2017-2018
8%
69 José Manuel Arnáiz LW 20 6 (4) 2017-2018
8%
88 Juan Miranda LB 7 1 (0) 2017-2018
8%
77 Marlon CB 2 0 (0) 2016-2017
8%
39 Armando Lozano CB 35 1 (0) 2010-2012
6%
67 Choco Lozano ST 20 4 (4) 2017-2018
6%
81 Robert Costa CB 12 0 (0) 2014-2015
6%
26 Edgar Ié CB 48 0 (1) 2012-2015
5%
94 Monchu CM 6 1 (0) 2017-2018
5%
21 Oier Olazábal GK 57 0 (0) 2010-2013
5%
15 Adrián Ortolá GK 62 0 (1) 2013-2015, 2017-2018
4%
84 Antonio Sanabria ST 10 3 (0) 2013-2014
4%
35 David Costas CB 37 0 (0) 2017-2018
4%
54 Iñigo Ruiz de Galarreta CM 27 1 (3) 2017-2018
4%
33 Luis Alberto AM 38 11 (18) 2012-2013
4%
75 Álex Collado AM 2 0 (0) 2018-2020
3%
105 Álex Collado AM 1 0 (0) 2017-2018
3%
1 Carles Planas LB 116 2 (2) 2010-2014
3%
40 David Babunski CM 35 1 (0) 2013-2015
3%
47 Edu Oriol RB 31 6 (0) 2010-2011
3%
68 Fali CB 20 0 (1) 2017-2018
3%
23 Iván Balliu RB 53 0 (4) 2010-2013
3%
103 Jokin Ezkieta GK 2 0 (0) 2017-2018
3%
27 Jonathan Soriano ST 47 37 (0) 2010-2012
3%
48 Juan Cámara AM 30 6 (1) 2014-2015
3%
28 Macky Bagnack CB 43 1 (1) 2012-2015
3%
59 Víctor Vázquez AM 25 1 (0) 2010-2011
3%
101 Wilfrid Kaptoum CM 3 1 (0) 2014-2015
3%
61 Abraham Minero LB 24 0 (0) 2010-2011
1%
102 Albert Dalmau RB 2 0 (0) 2010-2011
1%
83 Alberto Varo Lara GK 10 0 (0) 2017-2018
1%
80 Ballou Tabla LW 12 1 (1) 2017-2018
1%
65 Benja ST 21 5 (0) 2010-2011
1%
71 Bicho AM 18 0 (0) 2014-2015
1%
22 Carlos Carmona RW 55 6 (1) 2010-2012
1%
72 Christian Rivera CM 18 0 (2) 2017-2018
1%
20 Cristian Lobato LW 57 8 (7) 2011-2013
1%
90 Dani Morer RB 6 0 (0) 2017-2018
1%
43 Dani Nieto RW 34 6 (1) 2013-2014
1%
77 David Concha RW 14 1 (0) 2017-2018
1%
45 David Lombán CB 33 3 (0) 2012-2013
1%
51 Diawandou Diagne DM 28 0 (0) 2014-2015
1%
31 Edu Bedia CM 39 7 (2) 2013-2014
1%
106 Fabrice Ondoa GK 1 0 (0) 2014-2015
1%
78 Ferran Sarsanedas CM 13 0 (1) 2017-2018
1%
46 Gus Ledes DM 32 1 (3) 2011-2013
1%
3 Javier Espinosa CM 100 14 (9) 2010-2014
1%
92 Jesús Alfaro AM 6 0 (0) 2017-2018
1%
87 Joan Campins RB 7 0 (0) 2013-2015
1%
12 Joan Román AM 70 9 (6) 2012-2015
1%
107 Jordi Masó CM 1 0 (0) 2010-2011
1%
17 Kiko Femenía RB 62 6 (4) 2011-2013
1%
66 Lucas Gafarot LB 21 0 (0) 2013-2015
1%
50 Marc Cardona ST 29 7 (3) 2017-2018
1%
86 Marcus McGuane DM 8 0 (0) 2017-2018
1%
93 Martin Hongla DM 6 0 (0) 2017-2018
1%
41 Martí Riverola CM 35 5 (1) 2010-2012
1%
73 Matías Nahuel LW 18 5 (3) 2017-2018
1%
89 Maxi Rolón LW 7 0 (0) 2014-2015
1%
108 Miguel Ángel Sainz-Maza AM 1 0 (0) 2012-2013
1%
97 Miguel Bañuz GK 5 0 (0) 2012-2014
1%
5 Patric CB 87 4 (6) 2012-2015
1%
109 Pepe Palau CM 1 0 (0) 2010-2011
1%
70 Pol Calvet CM 19 0 (0) 2012-2015
1%
99 Rafa Mujica ST 3 0 (0) 2017-2018
1%
42 Rodri Ríos ST 35 7 (3) 2011-2012
1%
85 Rodri Tarín CB 10 0 (1) 2017-2018
1%
58 Rubén Miño GK 25 0 (0) 2010-2012
1%
79 Rubén Rochina RW 13 2 (0) 2010-2011
1%
56 Saúl Berjón LW 26 3 (0) 2010-2011
1%
76 Sergio Juste CB 16 0 (1) 2013-2015
1%
29 Sergi Palencia RB 42 1 (3) 2014-2015, 2017-2018
1%
95 Uri Rosell DM 6 0 (0) 2011-2012
1%
60 Vitinho AM 25 1 (1) 2017-2018
1%
No matching quizzes found
Score Distribution
Percent of People with Each Score
Percentile by Number Answered
Your Score History
You have not taken this quiz